The Secret History Characters - Donna Tartt - Statistics

General Stats
  • This quiz has been taken 17 times
  • The average score is 8 of 16
Answer Stats
Question Answer % Correct
What is Bunny's full name? Edmund "Bunny" Grayden Corcoran
77%
What is Richard's full name? John Richard Papen
77%
What is Henry's full name? Henry Marchbanks Winter
69%
What is Judy's full name? Judy Poovey
69%
What is Bunny's girlfriend's name? Marion Barnbridge
69%
What is Francis' full name? Francis Abernathy
62%
What is Camilla's full name? Camilla Macaulay
46%
What is Charles' full name? Charles Macaulay
46%
What is Cloke's full name? Cloke Rayburn
46%
Who is the psychology professor whom Richard works for? Dr. Roland
46%
What is Julian's full name? Julian Morrow
46%
Who is Richard's academic advisor? Georges Laforgue
31%
Who is the Hampden student that Richard sleeps with after meeting her at a party? Mona Beale
23%
What is Sophie's full name? Sophie Dearbold
23%
What is the name of the racist townie who claims to have information about Bunny's disappearance? William Hundy
15%
Who finds Bunny's body while on a walk with her dog? Holly Goldsmith
8%
No matching quizzes found
Score Distribution
Percent of People with Each Score
Percentile by Number Answered
Your Score History
You have not taken this quiz